| 000 | 00332nam a2200121Ia 4500 | ||
|---|---|---|---|
| 008 | 191201s2009 xx 000 0 und d | ||
| 100 | _aELMASRI,Ramez | ||
| 245 | 0 | _aDatabase systems modles language design and aplication programming | |
| 250 | _aIMP 3rd | ||
| 260 |
_c2009 _bpearson _aNEW DELHI |
||
| 300 | _a1214 | ||
| 942 |
_2ddc _cBK _02 |
||
| 999 |
_c7913 _d7913 |
||